Pathology In Ayurveda; (Record no. 211057)

MARC details
000 -LEADER
fixed length control field 00683nam a22002177a 4500
005 - DATE AND TIME OF LATEST TRANSACTION
control field 20250422160206.0
010 ## - LCCN (DPL NO)
LC control number ENG-144682
020 ## - INTERNATIONAL STANDARD BOOK NUMBER
Terms of availability 400.00
035 ## - SYSTEM CONTROL NUMBER
System control number EN-128214
037 ## - SOURCE OF ACQUISITION
Source of stock number/acquisition DBAD
082 ## - DEWEY DECIMAL CLASSIFICATION NUMBER
Classification number 615.2
100 ## - MAIN ENTRY--PERSONAL NAME
Personal name Kulkarni H.P
245 ## - TITLE STATEMENT
Title Pathology In Ayurveda;
Remainder of title Roga Nidana / Vikruti Vidnyana/
Statement of responsibility, etc P.H. Kulkarni
260 ## - PUBLICATION, DISTRIBUTION, ETC. (IMPRINT)
Place of publication, distribution, etc Pune
Name of publisher, distributor, etc Deerghayu International
Date of publication, distribution, etc 2022
270 ## - ADDRESS
Address 36, Kothrud Gaothan, Opp. Mhatoba Temple, Navgarh Maruthi, Bodhi Vruksha,
City Pune
Postal code 411038
300 ## - PHYSICAL DESCRIPTION
Extent 254 p.
Dimensions 22 cm.(Pb)
490 ## - SERIES STATEMENT
Volume number/sequential designation vol 1
500 ## - GENERAL NOTE
General note Stories of vedanta monks
700 ## - ADDED ENTRY--PERSONAL NAME
Personal name Swami chetanananda
9 (RLIN) 76691
942 ## - ADDED ENTRY ELEMENTS (KOHA)
Source of classification or shelving scheme Dewey Decimal Classification
Item type English Books
Classification part 615.2
Call number suffix kul
Holdings
Withdrawn status Lost status Not for loan Collection code Home library Current library Date acquired Source of acquisition Cost, normal purchase price Full call number Barcode Copy number Cost, replacement price Koha item type
      Non-fiction Patel Nagar Patel Nagar 22/04/2025 DBAD 400.00 615.2 KUL EN-128214 1 400.00 English Books

© Delhi Public Library
Hit Counter
free hit counter